Statistics for Famous Bays of the World on the Map

Click here to take the quiz!

General Stats

  • This quiz has been taken 232 times
  • The average score is 8 of 14

Answers on the Map

Answers color-coded by a green-red scale on the quiz's map according to % correct below.
 

Answer Stats

Famous Bay% Correct
Bay of Bengal
94%
Hudson Bay
94%
Bay of Biscay
85%
San Francisco Bay
85%
Tokyo Bay
73%
Baffin Bay
67%
Chesapeake Bay
63%
Bay of Fundy
55%
Manila Bay
54%
Guantanamo Bay
49%
Bay of Pigs
42%
Thunder Bay
33%
Botany Bay
26%
Ha Long Bay
23%

Score Distribution

Percentile by Number Answered

Percent of People with Each Score

Your Score History

You have not taken this quiz